000 00665nam a2200217Ia 4500
003 OSt
005 20220923221932.0
006 a|||||r|||| 00| 0
007 ta
008 220922b |||||||| |||| 00| 0 hin d
024 _a201,241
037 _cTextual
040 _aARTS
_cARTS
_bhin
041 _2hin
_ahin
082 _aV2:25xN01w, 152J8
100 _aमधोक, बलराज
245 0 _aश्यामा प्रसाद मुकर्जी एक जीवनी
246 _aShyāmā prasād mukarjī ek jīvanī
942 _hV2:25xN01w, 152J8
_cTEXL
_2CC
999 _c352894
_d352894